000
00498nam a2200181Ia 4500
008
090124s9999 xx 000 0 und d
082
_b
115257
100
_a
शेळके शान्ता ज.
245
_a
प्रेमिक
250
_a
1
260
_c
1956
300
_a
125
600
_a
शेळके शान्ता ज.
630
_a
प्रेमिक
700
_a
शेळके शान्ता ज.
730
_a
प्रेमिक
942
_c
BOOK
999
_c
161348
_d
161348